00554nam a2200181Ii 45000010005000000030009000050080041000140400033000550410008000880820016000961000027001122450080001392640060002193000012002793360026002913370028003173380027003457435CO-ViMGA241108s9999||||xx |||||||||||||| ||und|| aCO-ViMGAbspaerdacCO-ViMGA0 aunk04a986.101-B241 aRafael Gómez Picón10aTimaná de Belalcázar a la gaitana :bParábola de violencia y libertad 1a[Lugar de publicación no identificado] : A.C.B., 1981 avolumen atextbtxt2rdacontent aunmediatedbn2rdamedia avolumebnc2rdacarrier